| 000 | 00000nam 2200000za 4500 |
| 001 | 9.636525 |
| 003 | CaOODSP |
| 005 | 20210823104845 |
| 007 | cr ||||||||||| |
| 008 | 150407s2008 onco o f000 0 fre d |
| 040 | |aCaOODSP|bfre |
| 043 | |an-cn--- |
| 086 | 1 |aT29-42/2008F-PDF |
| 110 | 1 |aCanada.|bTransports Canada. |bSécurité maritime. |
| 245 | 10|aBouées privées - guide du propriétaire |h[ressource électronique] |
| 260 | |aOttawa - Ontario : |bTransports Canada. |cc2008. |
| 300 | |a28p.|bfigures, photographies |
| 520 | 3 |aAidera les propriétaires de bouées privées à mieux comprendre et mettre en application les lois et exigences canadiennes quand ils mettent à l’eau une bouée privée ainsi qu’à les informés de leur responsabilité à cet égard. |
| 590 | |a09-22|b2009-05-29 |
| 691 | 07|aSécurité nautique|2gcpds |
| 775 | 08|tAn owner's guide to private buoys |w(CaOODSP)9.692262 |
| 776 | 0#|tBouées privées - guide du propriétaire |w(CaOODSP)9.684208 |
| 794 | |tBouées privées guide du propriétaire : |b2021|w(CaOODSP)9.887500 |
| 856 | 40|qPDF|s2.77 Mo|uhttps://publications.gc.ca/collections/collection_2009/tc/T29-42-2008F.pdf |